000 01246cam a2200205 4500500
005 20260201081635.0
041 _afre
042 _adc
100 1 0 _aIglesias, Nicolas
_eauthor
245 0 0 _aQuelle place pour l’adulte handicapé vieillissant ?
260 _c2020.
500 _a49
520 _aCet article relate l’expérience de la première maison de retraite ouverte spécifiquement pour personnes présentant des troubles psychiques par la Croix-Marine en Auvergne en 1972. Ayant successivement adopté les statuts d’EHPAD puis de Foyer d’accueil médicalisé pour personnes handicapées vieillissantes, l'établissement est animé par une équipe médicale doublée d’une équipe pédagogique qui en assure l’animation. La structure devient finalement pour les résidents un lieu pour vivre en étant accompagnés jusqu’à la fin de vie.
690 _aEtablissement d’hébergement pour personne âgée
690 _ahandicap psychique
690 _aoutil pédagogique
690 _avieillissement
786 0 _nPratiques en santé mentale | 66e aée | 1 | 2020-02-20 | p. 14-17 | 1286-1286
856 4 1 _uhttps://shs.cairn.info/revue-pratique-en-sante-mentale-2020-1-page-14?lang=fr&redirect-ssocas=7080
999 _c1640238
_d1640238